| 000 | 01092nas a2200337 4500 | ||
|---|---|---|---|
| 001 | BR0404581 | ||
| 003 | BR-BrBNA | ||
| 005 | 20231205104844.0 | ||
| 007 | ta | ||
| 008 | 230509b bl.|||p| |||| 00| 00por d | ||
| 040 |
_aBR-BrBNA _bpor _cBiblioteca Nacional de Agricultura |
||
| 041 | _a(En) | ||
| 072 | _aF03; H10; H20 | ||
| 100 | 1 | _aGrützmacher, A.D. | |
| 100 | 1 | _aMartins, J.F. da S. | |
| 100 | 1 | _aCunha, U.S. da | |
| 100 | 1 | _aAzevedo, R. de | |
| 100 | 1 | _aGiolo, F.P. | |
| 245 | 1 | _aChemical control of Oryzophagus oryzae (Costa Lima, 1936)(Coleoptera: Curculionidae)on Flooded rice by seed treatment | |
| 650 | _aARROZ IRRIGADO | ||
| 650 | _aINSETICIDA | ||
| 650 | _aTRATAMENTO DE SEMENTE | ||
| 650 | _aINSETO | ||
| 650 | _aGORGULHO | ||
| 650 | _aBICHEIRA DA RAIZ | ||
| 650 | _aCONTROLE QUÍMICO | ||
| 773 | 0 |
_tRevista Brasileira de Agrociência (Brazil) _xISSN 0104-8996 _g(Oct-Dec 2003), v. 9(4) p. 379-382 _wBR0404581 |
|
| 856 | 4 | 0 | _uhttp://www.ufpel.tche.br/faem/agrociencia/v9n4/artigo12.pdf |
| 909 |
_a202311 _bLúcia _c55 _dLúcia Elande |
||
| 942 |
_2AGRIS _n0 _cANA |
||
| 999 |
_c179992 _d179992 |
||